| 000 | 00669nam a22002057a 4500 | ||
|---|---|---|---|
| 999 |
_c16319 _d16319 |
||
| 003 | AR-CdUCM | ||
| 008 | 190503b ||||| |||| 00| 0 spa d | ||
| 040 |
_aMUNICIPALIDAD PROVINCIAL DEL CUSCO _cBIBLIOTECA MUNICIPAL DEL CUSCO |
||
| 082 |
_a498.51 / _bM22 |
||
| 110 |
_aEditorial mercurio _935696 |
||
| 245 | _aManual trilingüe de Aymara, Quechua y Castellano / | ||
| 260 |
_aLima _bLa confianza, |
||
| 300 |
_a60 páginas ; _c20 cm. |
||
| 505 | _aContenido : El orden alfabético -- Castellano al quechua y al aymara ... | ||
| 650 |
_aQuechua _92063 |
||
| 650 |
_aAymara _97964 |
||
| 650 |
_aCastellano _97963 |
||
| 942 |
_2ddc _cLIBROS |
||
| 945 |
_arah _d03/05/2019 |
||